Statistics for Монархије Света

Click here to take the quiz!

General Stats

  • This quiz has been taken 494 times
  • The average score is 17 of 29

Answer Stats

ТитулаМонархДржава% Correct
КраљЧарлс IIIУједињено Краљевство и Комонвелт
94%
КраљФелипеШпанија
88%
КраљКарл ГуставШведска
80%
КраљХаралд VНорвешка
80%
ПапаФрањаВатикан
79%
ЦарНарухитоЈапан
77%
ПринцАлберт IIМонако
76%
КраљицаМаргарета IIДанска
73%
КраљСалманСаудијска Арабија
72%
КраљВилем-АлександерХоландија
67%
КраљФилипБелгија
66%
ЕмирВише њих (7)Уједињени Арапски Емирати
66%
ЕмирТамимКатар
66%
Велики ВојводаХенриЛуксембург
65%
ПринцХанс-АдамЛихтенштајн
64%
Ко-кнезовиЕмануел и ЖонАндора
59%
СултанХајтамОман
56%
ЕмирСабахКувајт
55%
КраљХамадБахреин
53%
СултанХасаналБрунеј
51%
КраљАбдулахЈордан
44%
КраљМухамед VIМароко
40%
КраљЏигмеБутан
38%
КраљРама XТајланд
36%
КраљМсвати IIIЕсватини
30%
КраљСихамониКамбоџа
29%
Јанг ди-Пертуан АгонгАбдулахМалезија
24%
КраљЛетси IIIЛесото
23%
КраљТупу VIТонга
14%

Score Distribution

Percentile by Number Answered

Percent of People with Each Score

Your Score History

You have not taken this quiz